| 000 | 00500nam a2200181Ia 4500 | ||
|---|---|---|---|
| 999 |
_c2053 _d2053 |
||
| 020 | _a81-210-0177-3 | ||
| 082 | _a307.72095455 CHO-; | ||
| 100 | _aChoudhary, Ram Krishan | ||
| 245 | 0 | _aCaste and power structure in village India | |
| 260 |
_aNew Delhi _bInter-India Publications _c1987 |
||
| 300 | _a178p. | ||
| 650 | _aCaste - India | ||
| 650 | _aIndia - Rural conditions | ||
| 650 | _aCommunity power - India | ||
| 650 | _aVillages - India | ||
| 650 | _aSocial structure - India | ||
| 942 | _cBK | ||